000 00586nam a2200169 i 4500
001 89177
003 ES-MaACL
005 20230906180108.0
007 t|
008 050105s1933 sz ||||1| ger d
100 1 _aLangenegger, Hans.
_970031
245 1 0 _aDes P. Pedro Malón de Chaide Conversión de la Madalena. Geistes- und doktringeschichtliche Prolegomena zu einer kritischen Textausgabe /
_cHans Langenegger.
260 _aZurich :
_bA.-G Gebr. Leeman & Co.,
_c1933.
300 _a107 p. ;
_c23 cm.
600 1 4 _aMalón de Chaide, Pedro.
_9161577
852 _aES-MaACL
_jA-2648
999 _c89177
_d89177